000 00643 a2200253 4500
001 109781
020 _a9781492623243
020 _a9781492623274
020 _a9781537904399
041 _apor
090 _aP Year 8 [Fic]
092 _a2015022869
100 _aTanquary, Kathryn.
250 _a. ed.
300 _a334 p.
697 _aBlessing and cursing
697 _aBlessing and cursing - Fiction.
697 _aParanormal fiction.
856 _u000015/00001552.jpg
040 _aBR-BrIDEA
_cBR-BrIDEA
245 1 0 _aThe night parade
_c Kathryn Tanquary
260 _a[S.l.]
_bSourcebooks Jabberwocky
_c2016
942 _cBK
999 _c109781
_d109781